LEADER 01247nam--2200361---450- 001 990002156500203316 005 20090617110232.0 035 $a000215650 035 $aUSA01000215650 035 $a(ALEPH)000215650USA01 035 $a000215650 100 $a20041109d1981----km-y0itay0103----ba 101 0 $aspa 102 $aES 105 $a||||||||001yy 200 1 $a<> leyes organicas y el bloque de la constitucionalidad en torno al artculo 28 de la ley organica del Tribunal Constitucional$fpor Tomas-Ramon Fernandez Rodriguez 210 $aMadrid$cEditorial Civitas S. A.$d1981 215 $a120 p.$d18 cm 410 0$12001 454 1$12001 461 1$1001-------$12001 606 0 $aDiritto costituzionale$ySpagna 676 $a342 700 1$aFERNANDEZ,$bTomas Ramon$0268886 801 0$aIT$bsalbc$gISBD 912 $a990002156500203316 951 $aXXIV.2.M 212 (IG XV 342)$b21778 E.C.$cXXIV.2.M 212 (IG XV)$d00232757 959 $aBK 969 $aGIU 979 $aSIAV5$b10$c20041109$lUSA01$h1532 979 $aRSIAV2$b90$c20090617$lUSA01$h1102 996 $aLeyes organicas y el bloque de la constitucionalidad en torno al artculo 28 de la ley organica del Tribunal Constitucional$91038430 997 $aUNISA